Catálogo - Centro de Recursos para el Aprendizaje y la Investigación

Volver al Sitio - CRAI Biblioteca

El sistema de justicia penal en México : (Registro nro. 113985)

Detalles MARC
000 -CABECERA
campo de control de longitud fija 01148nam a2200265 4500
001 - NÚMERO DE CONTROL
campo de control 113985
003 - IDENTIFICADOR DEL NÚMERO DE CONTROL
campo de control DR-UNIBE
005 - FECHA Y HORA DE LA ÚLTIMA TRANSACCIÓN
campo de control 20250730151120.0
008 - DATOS DE LONGITUD FIJA--INFORMACIÓN GENERAL
campo de control de longitud fija 250730b2008 mx ||||| |||| 00| 0 spa d
020 ## - NÚMERO INTERNACIONAL ESTÁNDAR DEL LIBRO
Número Internacional Estándar del Libro 9789707129047
040 ## - FUENTE DE LA CATALOGACIÓN
Centro catalogador/agencia de origen BIBLIOTECA UNIBE
Lengua de catalogación spa
Centro/agencia transcriptor BIBLIOTECA UNIBE
Normas de descripción rda
041 ## - CÓDIGO DE LENGUA
Código de lengua del texto/banda sonora o título independiente spa
082 ## - NÚMERO DE LA CLASIFICACIÓN DECIMAL DEWEY
Número de edición 22
Número de clasificación 345.7205 S57
245 13 - MENCIÓN DE TÍTULO
Título El sistema de justicia penal en México :
Mención de responsabilidad, etc. retos y perspectivas /
250 ## - MENCIÓN DE EDICIÓN
Mención de edición Primera edición
260 ## - PUBLICACIÓN, DISTRIBUCIÓN, ETC.
Lugar de publicación, distribución, etc. México
Nombre del editor, distribuidor, etc. Suprema Corte de Justicia de la Nación,
Fecha de publicación, distribución, etc. 2008
300 ## - DESCRIPCIÓN FÍSICA
Extensión xi, 749 páginas :
Dimensiones 23 x 15 cm
500 ## - NOTA GENERAL
Nota general Comentario de la obra y nombre de los conferencistas en las solapas
505 ## - NOTA DE CONTENIDO CON FORMATO
Nota de contenido con formato Presentación |<br/>El nuevo modelo de justicia penal |<br/>Implicaciones estructurales, capacitación y gestión judicial |<br/>Experiencias comparadas |<br/>Una agenda para la justicia penal en México |<br/>Sobre los autores
650 #7 - PUNTO DE ACCESO ADICIONAL DE MATERIA--TÉRMINO DE MATERIA
Fuente del encabezamiento o término lemb
Término de materia o nombre geográfico como elemento de entrada Administracion de justicia penal
Subdivisión geográfica México
9 (RLIN) 198033
650 #7 - PUNTO DE ACCESO ADICIONAL DE MATERIA--TÉRMINO DE MATERIA
Fuente del encabezamiento o término lemb
Término de materia o nombre geográfico como elemento de entrada Procedimiento penal
Subdivisión geográfica México
9 (RLIN) 198034
650 #7 - PUNTO DE ACCESO ADICIONAL DE MATERIA--TÉRMINO DE MATERIA
Fuente del encabezamiento o término lemb
Término de materia o nombre geográfico como elemento de entrada Derecho penal
Subdivisión geográfica México
9 (RLIN) 198035
700 10 - PUNTO DE ACCESO ADICIONAL--NOMBRE DE PERSONA
Nombre de persona Azuela Güitrón, Mariano
9 (RLIN) 198001
Término indicativo de función/relación presentador
942 ## - ELEMENTOS DE PUNTO DE ACCESO ADICIONAL (KOHA)
Fuente del sistema de clasificación o colocación Sistema de Clasificación Decimal Dewey
Tipo de ítem Koha Libro (general)
Existencias
Estado de retiro Estado de pérdida Fuente del sistema de clasificación o colocación No para préstamo Código de colección Localización permanente Fecha de adquisición Total de préstamos Signatura topográfica completa Código de barras Fecha visto por última vez Número de copia Precio válido a partir de Tipo de ítem Koha
  Disponible Sistema de Clasificación Decimal Dewey   General Biblioteca Central UNIBE 10/06/2025   345.7205 S57 250902 30/07/2025 Ej. 1 30/07/2025 Libro (general)